|
|
|
|
| LEADER |
00000nab a2200000 ar4500 |
| 001 |
vtls010583938 |
| 003 |
SK-MaSNL |
| 005 |
20260304183239.0 |
| 008 |
171110c2014 xo wr|p|||||||000 b|slo |
| 038 |
|
|
|a PPPK
|
| 040 |
|
|
|a PPPKCL
|b slo
|c PPPKCL
|e AACR2
|
| 041 |
0 |
|
|a slo
|
| 044 |
|
|
|a xo
|c SK
|
| 080 |
|
|
|a 616.6
|2 2001
|
| 080 |
|
|
|a 616-082
|2 2001
|
| 245 |
0 |
0 |
|a Nová urologická ambulancia v Poprade
|c [text a foto] (red)
|
| 300 |
|
|
|b Fotogr.
|
| 610 |
2 |
7 |
|a Všeobecná nemocnica s poliklinikou (Levoča, Slovensko)
|2 pppkcl
|9 199837
|
| 610 |
2 |
7 |
|a Poliklinika Alexandra (Poprad, Slovensko)
|2 pppkcl
|9 1499967
|
| 648 |
|
7 |
|a 6.2.2014
|2 pppkcl
|9 1251040
|
| 650 |
0 |
7 |
|a zdravotníctvo
|2 snkbucl
|9 1269
|
| 650 |
0 |
7 |
|a urológia
|2 pppkcl
|9 2605
|
| 650 |
0 |
7 |
|a ambulantná starostlivosť
|2 pppkcl
|9 16081
|
| 650 |
0 |
7 |
|a ambulancie
|2 pppkcl
|9 408348
|
| 650 |
0 |
7 |
|a slávnostné otvorenie
|2 pppkcl
|9 448877
|
| 651 |
|
7 |
|a Poprad (Slovensko)
|2 pppkcl
|9 20155
|
| 773 |
0 |
|
|t Podtatranské noviny
|g Roč. LIV, č. 8 (2014), s. 2
|x 1210-2423
|
| 852 |
|
|
|a PPPK
|b KIS3GCP
|
| 856 |
4 |
1 |
|u http://www.podtatranske-noviny.sk/archiv-clankov?vydanie=626&article=32525
|
| 999 |
|
|
|c 3033984
|d 3035914
|